Jupiter (Record no. 612)

MARC details
000 -LEADER
fixed length control field 00323nam a2200145Ia 4500
003 - CONTROL NUMBER IDENTIFIER
control field IN-BaIIA
008 - FIXED-LENGTH DATA ELEMENTS--GENERAL INFORMATION
fixed length control field 211028s9999 xx 000 0 eng d
040 ## - CATALOGING SOURCE
Transcribing agency IIA Library
080 ## - UNIVERSAL DECIMAL CLASSIFICATION NUMBER
Universal Decimal Classification number 523.45
Item number LOH
100 ## - MAIN ENTRY--PERSONAL NAME
Personal name Lohse
9 (RLIN) 1339
245 #0 - TITLE STATEMENT
Title Jupiter
Statement of responsibility, etc. Lohse
300 ## - PHYSICAL DESCRIPTION
Extent 51-117p.
650 ## - SUBJECT ADDED ENTRY--TOPICAL TERM
Topical term or geographic name entry element Jupiter
9 (RLIN) 1340
942 ## - ADDED ENTRY ELEMENTS (KOHA)
Koha item type Books
Holdings
Withdrawn status Lost status Damaged status Not for loan Home library Current library Shelving location Date acquired Total Checkouts Full call number Barcode Date last seen Price effective from Koha item type
        IIA Library-Bangalore IIA Library-Bangalore General Stacks     523.45/LOH 633 05/11/2021   Books

Powered by Koha